Team games for trainers

Bibliographic Details
Main Author: Nilson, Carolyn
Format: Book
Published: New York : McGraw Hill , 1993
Subjects:

MARC

LEADER 00000cam a2200000 7i4500
001 0000004440
005 20050429.0
020 |a ISBN 0070465886 
040 |a INS 
090 0 0 |a HD66.   |b N55 1993 
100 0 |a Nilson, Carolyn 
245 0 0 |a Team games for trainers   |c Carolyn Nilson 
260 |a New York :   |b McGraw Hill ,   |c 1993 
300 |a 322p. 
650 0 0 |a Educational games 
650 0 0 |a Group games 
650 0 0 |a Work group   |x Problems, exercises etc 
999 |a 0000006404   |b BOOK   |c Open Shelf   |e Default branch